000 00443nam a22001697a 4500
005 20251108164733.0
008 250721s1984 xx 000 0 ara d
082 1 4 _a810.9/طه
100 1 _aحسين، طه
245 1 0 _aتقليد و تجديد /
250 _aط2
264 1 _aبيروت :
_bدار العلم للملايين،
_c1984.
300 _a147 ص
650 1 7 _aالأدب العربي
942 _2ddc
_cBK
999 _c13127
_d13127